| 000 | 004370000a22001810004500 | ||
|---|---|---|---|
| 003 | MACL | ||
| 005 | 20150908104107.0 | ||
| 008 | 150908b xxu||||| |||| 00| 0 eng d | ||
| 040 |
_aMACL _cMACL |
||
| 041 | _aEnglish | ||
| 082 | _a808.831/TAG | ||
| 100 |
_aTagore Rabindranath _91823 |
||
| 245 | _aThe Last Ode | ||
| 260 |
_bYapanchitra Books _c2007 _aKolkata |
||
| 350 | _a200 | ||
| 650 |
_aLiterature _99078 |
||
| 942 |
_cBK _k808.831 _2ddc |
||
| 999 |
_c1936 _d1936 |
||